| 000 | 01205cam a22003014a 4500 | ||
|---|---|---|---|
| 999 |
_c233387 _d233387 |
||
| 001 | 12758034 | ||
| 003 | Nust | ||
| 005 | 20170307123157.0 | ||
| 008 | 020427s2003 maua b 001 0 eng | ||
| 010 | _a 2002070937 | ||
| 020 | _a1405101202 (pbk. : alk. paper) | ||
| 040 | _cASAB | ||
| 042 | _apcc | ||
| 050 | 0 | 0 |
_aQH445.2 _b.P75 2003 |
| 082 | 0 | 0 |
_a572.8/633 _221 |
| 100 | 1 | _aPrimrose, S. B. | |
| 245 | 1 | 0 |
_aPrinciples of genome analysis and genomics / _cSandy B. Primrose, Richard M. Twyman. |
| 250 | _a3rd ed. | ||
| 260 |
_aMalden, Mass. : _bBlackwell Pub., _c2003. |
||
| 300 |
_aviii, 263 p. : _bill. ; _c24 cm. |
||
| 504 | _aIncludes bibliographical references (p. [230]-254) and index. | ||
| 650 | 0 | _aGene mapping. | |
| 650 | 0 | _aNucleotide sequence. | |
| 650 | 0 | _aGenomics. | |
| 700 | 1 | _aTwyman, Richard M. | |
| 856 | 4 | 2 |
_3Book review (E-STREAMS) _uhttp://www.e-streams.com/es0607/es0607_2576.html |
| 906 |
_a7 _bcbc _corignew _d1 _eocip _f20 _gy-gencatlg |
||
| 942 |
_2ddc _cBK |
||